Statistics for Countries by Most Important City

Click here to take the quiz!

General Stats

  • This quiz has been taken 45 times
  • The average score is 83 of 100

Answer Stats

HintAnswer% Correct
United KingdomLondon
100%
MexicoMexico City
100%
RussiaMoscow
100%
FranceParis
100%
JapanTokyo
100%
NetherlandsAmsterdam
97%
ChinaBeijing
97%
BelgiumBrussels
97%
United Arab EmiratesDubai
97%
SpainMadrid
97%
United StatesNew York
97%
AustraliaSydney
97%
IrelandDublin
95%
UkraineKyiv
95%
PortugalLisbon
95%
ItalyMilan
95%
NorwayOslo
95%
PolandWarsaw
95%
GreeceAthens
92%
EgyptCairo
92%
TurkeyIstanbul
92%
BrazilSao Paulo
92%
South KoreaSeoul
92%
SingaporeSingapore
92%
AustriaVienna
92%
ThailandBangkok
89%
LebanonBeirut
89%
ArgentinaBuenos Aires
89%
FinlandHelsinki
89%
MalaysiaKuala Lumpur
89%
LuxembourgLuxembourg City
89%
PhilippinesManilla
89%
IndiaMumbai
89%
PanamaPanama City
89%
CzechiaPrague
89%
ChileSantiago
89%
BulgariaSofia
89%
TaiwanTaipei
89%
CanadaToronto
89%
ColombiaBogota
87%
RomaniaBucharest
87%
HungaryBudapest
87%
DenmarkCopenhagen
87%
IndonesiaJakarta
87%
South AfricaJohannesburg
87%
PeruLima
87%
IsraelTel Aviv
87%
TunisiaTunis
87%
SwitzerlandZurich
87%
AlgeriaAlgiers
84%
New ZealandAuckland
84%
VenezuelaCaracas
84%
BangladeshDhaka
84%
QatarDoha
84%
GermanyFrankfurt
84%
GuatemalaGuatemala City
84%
KuwaitKuwait City
84%
NigeriaLagos
84%
LatviaRiga
84%
JordanAmman
82%
AzerbaijanBaku
82%
SlovakiaBratislava
82%
MoroccoCasablanca
82%
BoliviaLa Paz
82%
EcuadorQuito
82%
Saudi ArabiaRiyadh
82%
GeorgiaTbilisi
82%
AlbaniaTirana
82%
ParaguayAsuncion
79%
SerbiaBelgrade
79%
UruguayMontevideo
79%
OmanMuscat
79%
KenyaNairobi
79%
BahamasNassau
79%
LithuaniaVilnuis
79%
CroatiaZagreb
79%
GhanaAccra
76%
CyprusNicosia
76%
El SalvadorSan Salvador
76%
Dominican RepublicSanto Domingo
76%
SenegalDakar
74%
UgandaKampala
74%
PakistanKarachi
74%
Costa RicaSan Jose
74%
ZimbabweHarare
71%
VietnamHo Chi Minh City
71%
AngolaLuanda
71%
CambodiaPhnom Penh
71%
Sri LankaColombo
68%
TanzaniaDar es Salaam
68%
BahrainManama
66%
KazakhstanAlmaty
63%
ZambiaLusaka
63%
NicaraguaManagua
63%
HondurasTegucigalpa
63%
MozambiqueMaputo
58%
MauritiusPort Louis
45%
CameroonDouala
39%
SwedenStockholm
39%
Ivory CoastAbidjan
21%

Score Distribution

Percentile by Number Answered

Percent of People with Each Score

Your Score History

You have not taken this quiz